The power of your subconscious mind (Record no. 10712)

MARC details
000 -LEADER
fixed length control field 00495cam a2200193ua 4500
001 - CONTROL NUMBER
control field 11937
005 - DATE AND TIME OF LATEST TRANSACTION
control field 20260515114822.0
008 - FIXED-LENGTH DATA ELEMENTS--GENERAL INFORMATION
fixed length control field 191120n ii |||gr||||Z||||||eng
020 ## - INTERNATIONAL STANDARD BOOK NUMBER
International Standard Book Number 9789386037770
040 ## - CATALOGING SOURCE
Transcribing agency MAIN
082 ## - DEWEY DECIMAL CLASSIFICATION NUMBER
Classification number 154
100 ## - MAIN ENTRY--PERSONAL NAME
Personal name Joseph Murphy,
Relator term Author.
245 ## - TITLE STATEMENT
Title The power of your subconscious mind
Statement of responsibility, etc. By Joseph Murphy
250 ## - EDITION STATEMENT
Edition statement 1st ed.
260 ## - PUBLICATION, DISTRIBUTION, ETC.
Place of publication, distribution, etc. Kolkata:
Name of publisher, distributor, etc. IBD Publishing,
Date of publication, distribution, etc. 2016.
300 ## - PHYSICAL DESCRIPTION
Extent 272p.
653 ## - INDEX TERM--UNCONTROLLED
Uncontrolled term Subconscious & altered states
942 ## - ADDED ENTRY ELEMENTS (KOHA)
Koha item type Books
Holdings
Withdrawn status Lost status Damaged status Not for loan Home library Current library Shelving location Date acquired Total checkouts Full call number Barcode Date last seen Date last checked out Copy number Price effective from Koha item type
        Naharkatiya College Library Naharkatiya College Library General stacks 09/19/2020 1 154stack | MUR 24976 06/07/2024 10/20/2022 1 09/19/2020 Books